000 00478nam a2200181Ia 4500
005 20240823030001.0
008 240823s9999||||xx |||||||||||||| ||und||
041 _aENGLISH
082 _A620.11 P9
100 _aLucian A Lucia Orl and do J Rojas Ed.
245 4 _aThe Nanoscience and Technology of Renewable Biomaterials
250 _a1st
260 _c2009
_bWiley
500 _aTRANSFERED
650 _aNanoscience
_bBio Medical Engg.
942 _cBK
999 _c187620
_d187620